Unit operations of chemical engineering (Record no. 3799)

000 -LEADER
fixed length control field 00652nam a2200241 a 4500
001 - CONTROL NUMBER
control field 3799
003 - CONTROL NUMBER IDENTIFIER
control field BD-DhUET
008 - FIXED-LENGTH DATA ELEMENTS--GENERAL INFORMATION
fixed length control field 850523s1985 nyua b 001 0 eng
020 ## - INTERNATIONAL STANDARD BOOK NUMBER
International Standard Book Number 0070448280
040 ## - CATALOGING SOURCE
Modifying agency BD-DhUET
Transcribing agency 0
082 0# - DEWEY DECIMAL CLASSIFICATION NUMBER
Classification number 660.2842
Item number MCC/1985
100 1# - MAIN ENTRY--PERSONAL NAME
Personal name McCabe, Warren L.
245 10 - TITLE STATEMENT
Title Unit operations of chemical engineering
250 ## - EDITION STATEMENT
Edition statement 4th ed.
260 ## - PUBLICATION, DISTRIBUTION, ETC. (IMPRINT)
Place of publication, distribution, etc. New York
Name of publisher, distributor, etc. McGraw-Hill
Date of publication, distribution, etc. 1985
300 ## - PHYSICAL DESCRIPTION
Extent x, 960 p.
Other physical details ill.
Dimensions 25 cm.
490 1# - SERIES STATEMENT
Series statement McGraw-Hill chemical engineering series
504 ## - BIBLIOGRAPHY, ETC. NOTE
Bibliography, etc Includes bibliographies
650 #0 - SUBJECT ADDED ENTRY--TOPICAL TERM
Topical term or geographic name as entry element Chemical Processer
700 1# - ADDED ENTRY--PERSONAL NAME
Personal name Smith, Julian C.
700 1# - ADDED ENTRY--PERSONAL NAME
Personal name Harriott, Peter.
942 ## - ADDED ENTRY ELEMENTS (KOHA)
Koha item type General Book
Holdings
Price effective from Lost status Koha date last borrowed Koha issues (times borrowed) Sublocation or collection (holding branch) Koha full call number Koha item type Piece designation (barcode) Not for loan Damaged status Date acquired Location (home branch) Copy number Koha normalized classification for sorting Source of classification or shelving scheme Shelving location Koha date last seen Withdrawn status
2014-11-05   Central Library, BUET660.2842/MCC/1985General Book72739  2014-11-05Central Library, BUET1660_000000000000000_2842MCC198 Circulation section2016-10-23 
2014-11-05   Central Library, BUET660.2842/MCC/1985General Book77549  2014-11-05Central Library, BUET2660_000000000000000_2842MCC198 Circulation section2014-11-05 
2014-11-05 2018-11-142Central Library, BUET660.2842/MCC/1985General Book77550  2014-11-05Central Library, BUET3660_000000000000000_2842MCC198 Circulation section2018-12-04 
2015-07-01   Central Library, BUET660.2842/MCC/1985Reading Item68731  2015-07-01Central Library, BUET4660_284200000000000_MCC_1985 Reading section2015-07-01 
2024-11-25   Central Library, BUET660.2842 MCC/1985Rental Item73910  1989-06-27Central Library, BUET৪/ক-১660_284200000000000_MCC_1985 Rental section2024-11-25 
2024-11-25   Central Library, BUET660.2842 MCC/1985Rental Item73911  1989-06-27Central Library, BUET৪/ক-২660_284200000000000_MCC_1985 Rental section2024-11-25 
2024-11-25   Central Library, BUET660.2842 MCC/1985Rental Item73912  1989-06-27Central Library, BUET৪/ক-৩660_284200000000000_MCC_1985 Rental section2024-11-25 
2024-11-25   Central Library, BUET660.2842 MCC/1985Rental Item73913  1989-06-27Central Library, BUET৪/ক-৪660_284200000000000_MCC_1985 Rental section2024-11-25 
2024-11-25   Central Library, BUET660.2842 MCC/1985Rental Item73914  1989-06-27Central Library, BUET৪/ক-৫660_284200000000000_MCC_1985 Rental section2024-11-25 
2024-11-25   Central Library, BUET660.2842 MCC/1985Rental Item73915  1989-06-27Central Library, BUET৪/ক-৬660_284200000000000_MCC_1985 Rental section2024-11-25 
2024-11-25   Central Library, BUET660.2842 MCC/1985Rental Item73916  1989-06-27Central Library, BUET৪/ক-৭660_284200000000000_MCC_1985 Rental section2024-11-25 
2024-11-25   Central Library, BUET660.2842 MCC/1985Rental Item73917  1989-06-27Central Library, BUET৪/ক-৮660_284200000000000_MCC_1985 Rental section2024-11-25 
2024-11-25   Central Library, BUET660.2842 MCC/1985Rental Item73918  1989-06-27Central Library, BUET৪/ক-৯660_284200000000000_MCC_1985 Rental section2024-11-25 
2024-11-25   Central Library, BUET660.2842 MCC/1985Rental Item73919  1989-06-27Central Library, BUET৪/ক-১০660_284200000000000_MCC_1985 Rental section2024-11-25 
2024-11-25   Central Library, BUET660.2842 MCC/1985Rental Item73934  1989-06-27Central Library, BUET৪/ক-২৫660_284200000000000_MCC_1985 Rental section2024-11-25 
2024-11-25   Central Library, BUET660.2842 MCC/1985Rental Item73935  1989-06-27Central Library, BUET৪/ক-২৬660_284200000000000_MCC_1985 Rental section2024-11-25